Discursos leídos en la recepción pública del Excmo. Señor D. Antonio Romero Ortiz el día 30 de enero de 1881. (Record no. 153526)

MARC details
000 -LEADER
campo de control de longitud fija 01071nam a22002535i 4500
001 - NÚMERO DE CONTROL
campo de control 153526
003 - IDENTIFICADOR DE NÚMERO DE CONTROL
campo de control ES-MaACL
005 - FECHA Y HORA DE LA ÚLTIMA TRANSACCIÓN
campo de control 20230907165945.0
008 - DATOS DE LONGITUD FIJA--INFORMACIÓN GENERAL
campo de control de longitud fija 950206s1881 sp |||| | spa d
080 ## - NÚMERO DE LA CLASIFICACIÓN DECIMAL UNIVERSAL
Número de la Clasificación Decimal Universal 342.5(460.22)"11/15"
080 ## - NÚMERO DE LA CLASIFICACIÓN DECIMAL UNIVERSAL
Número de la Clasificación Decimal Universal 94(460.22)"11/15"
245 00 - MENCIÓN DEL TÍTULO
Título Discursos leídos en la recepción pública del Excmo. Señor D. Antonio Romero Ortiz el día 30 de enero de 1881.
260 ## - PUBLICACIÓN, DISTRIBUCIÓN, ETC.
Lugar de publicación, distribución, etc. Madrid :
Nombre del editor, distribuidor, etc. [s.n.],
Fecha de publicación, distribución, etc. 1881 (
Fabricante Imprenta de Manuel G. Hernandez)
300 ## - DESCRIPCIÓN FÍSICA
Extensión 57 p. ;
Dimensiones 24 cm.
505 8# - NOTA DE CONTENIDO CON FORMATO
Nota de contenido con formato Recoge el discurso de Antonio Romero Ortiz y la contestación de Víctor Balaguer
594 ## - Nota al título y mención de responsabilidad
Nota al título y mención de responsabilidad Precede al tít.: Real Academia de la Historia.
650 #4 - PUNTO DE ACCESO ADICIONAL DE MATERIA--TÉRMINO DE MATERIA
Término de materia o nombre geográfico como elemento de entrada Instituciones políticas-
Subdivisión geográfica Aragón (Reino)
9 (RLIN) 148272
651 #4 - PUNTO DE ACCESO ADICIONAL DE MATERIA--NOMBRE GEOGRÁFICO
Nombre geográfico Aragón (Reino)-
Subdivisión general Historia.
9 (RLIN) 7791
700 1# - ENTRADA AGREGADA--NOMBRE PERSONAL
Nombre de persona Romero Ortiz, Antonio.
9 (RLIN) 99421
700 1# - ENTRADA AGREGADA--NOMBRE PERSONAL
Nombre de persona Balaguer, Víctor,
Fechas asociadas al nombre 1824-1901
9 (RLIN) 24806
710 2# - ENTRADA AGREGADA--NOMBRE DE ENTIDAD CORPORATIVA
Nombre de entidad corporativa o nombre de jurisdicción como elemento de entrada Real Academia de la Historia (España)
9 (RLIN) 6309
852 ## - LOCALIZACIÓN
Ubicación ES-MaACL
Número de control de estantería L-4912(20-1)
Nota libre - Enc. hol. conservando cub. original
-- - Donativo Roda
Holdings
Estatus retirado Estado de pérdida Estado de daño No para préstamo Colección Biblioteca de origen Biblioteca actual Ubicación en estantería Fecha de adquisición Total de préstamos Signatura topográfica completa Código de barras Visto por última vez Precio de reemplazo Tipo de ítem Koha
        Libros del s. XIX Biblioteca del Ateneo de Madrid Biblioteca del Ateneo de Madrid Depósito 2 17/01/2008   L-4912(20-1) 1160487 23/02/2023 23/02/2023 Libro impreso antiguo